000
00323nam a2200133Ia 4500
008
240624s9999 xx 000 0 und d
041
_a
eng
082
_a
823 IRV
100
_a
IRVING JOHN
245
_a
UNTILL I FIND YOU
260
_c
2006
_a
New York
_b
Ballantine Books
300
_a
xvi, : 844 : p. : cm. ; 17
365
_c
RS
999
_c
3840
_d
3840